Voice Actors - Statistics

General Stats
  • This quiz has been taken 249 times
  • The average score is 6 of 20
Answer Stats
Role Film Actor % Correct
Garfield Garfield: A Tale of Two Kitties Bill Murray
63%
The Joker Batman: The Animated Series Mark Hamill
63%
Sully Monsters, Inc. John Goodman
62%
Scar The Lion King Jeremy Irons
61%
Hades Hercules James Woods
43%
Ceasar Rise of the Planet of the Apes Andy Serkis
42%
Osmosis Jones Osmosis Jones Chris Rock
34%
Abu the Monkey Aladdin Frank Welker
32%
Turk Tarzan Rosie O'Donnell
30%
Shaggy Scooby Doo Casey Kasem
27%
Crane Kung-Fu Panda David Cross
22%
Unicron Transformers the Movie Orson Welles
17%
Brock The Venture Brothers Patrick Warburton
17%
God The Prince of Egypt Val Kilmer
13%
Galvatron Transformers the Movie Leonard Nimoy
11%
Eeyore The Tigger Movie Peter Cullen
9%
Lady Eboshi Princess Mononoke (English dub) Minnie Driver
7%
Myron Reducto Harvey Birdman, Attorney at Law Stephen Colbert
5%
Arthur The Tick Rob Paulsen
4%
Gabriel Knight Gabriel Knight: Sins of the Fathers Tim Curry
4%
No matching quizzes found
Score Distribution
Percent of People with Each Score
Percentile by Number Answered
Your Score History
You have not taken this quiz